| 000 | 00909nas a2200265 4500 | ||
|---|---|---|---|
| 001 | BR8503558 | ||
| 003 | BR-BrBNA | ||
| 005 | 20231205090258.0 | ||
| 007 | ta | ||
| 008 | 230509b bl.|||p| |||| 00| 00por d | ||
| 040 |
_aBR-BrBNA _bpor _cBiblioteca Nacional de Agricultura |
||
| 041 | _a(Pt) | ||
| 072 | _aP30; F06 | ||
| 110 | 1 |
_aAssociacao Brasileira de Irrigacao e Drenagem, Brasilia, DF (Brasil) _9308 |
|
| 111 | 1 |
_aSimposio Nacional de Solos Organicos _cCuritiba, PR (Brazil) _d20-30 Nov 1984 |
|
| 245 | 1 | _aConclusoes e recomendacoes do Simposio Nacional de Solos Organicos | |
| 650 | _aSOLO | ||
| 650 | _aMATERIA ORGANICA | ||
| 650 | _aRECURSO DO SOLO | ||
| 650 | _aIRRIGACAO | ||
| 650 | _aSOLO ORGANICO | ||
| 773 | 0 |
_tITEM. Irrigacao e Tecnologia Moderna (Brazil) _xISSN 0102-0536 _g(Mar 1985), (no. 20) p. 27-29 _wBR8503558 |
|
| 909 |
_a202311 _bLúcia _c55 _dLúcia Elande |
||
| 942 |
_2AGRIS _n0 _cANA |
||
| 999 |
_c117315 _d117315 |
||